Statistiques concernant Sportif français par discipline

Cliquez ici pour prendre le quiz!

Statistiques générales

  • Ce quiz a été pris 533 fois
  • Le résultat moyen est 13 sur 16

Statistiques - réponses

SportifDiscipline% Correct
Zinedine ZidaneFootball
100%
Tony ParkerBasketball
99%
Teddy RinerJudo
99%
Florent ManodouNatation
98%
Yannick NoahTennis
98%
Nikola KarabaticHandball
95%
Antoine DupontRugby
91%
Martin FourcadeBiathlon
86%
Alain ProstFormule 1
85%
Renaud LavillenieSaut à la perche
81%
Sebastien LoebRallye
78%
Bernard HinaultCyclisme
74%
Marie-José PerecAthlétisme
71%
Laura FlesselEscrime
70%
Tony EstanguetCanoë
58%
Florence ArthaudVoile
43%

Distribution des résultats

Percentile par nombre de réponses

% des personnes avec chaque résultat

Votre développement - résultats

Vous n’avez pas pris ce quiz